The Everything Pregnancy Fitness : (Record no. 608178)

MARC details
000 -LEADER
fixed length control field 00509nam a2200193 a 4500
008 - FIXED-LENGTH DATA ELEMENTS--GENERAL INFORMATION
fixed length control field 260111s2004##################000#0#eng##
020 ## - INTERNATIONAL STANDARD BOOK NUMBER
ISBN 9781580628730
082 04 - DEWEY DECIMAL CLASSIFICATION NUMBER
Classification number 618.24
Item number WEI
100 1# - MAIN ENTRY--AUTHOR NAME
Personal name Weiss, Robin Elise,
245 10 - TITLE STATEMENT
Title The Everything Pregnancy Fitness :
260 ## - PUBLICATION, DISTRIBUTION, ETC. (IMPRINT)
Name of publisher Adams Media,
Year of publication 2004.
300 ## - PHYSICAL DESCRIPTION
Number of Pages 304 pages
650 #0 - SUBJECT ADDED ENTRY--TOPICAL TERM
Topical Term Health & Fitness.
942 ## - ADDED ENTRY ELEMENTS (KOHA)
Koha item type English Books
Holdings
Withdrawn status Lost status Damaged status Not for loan Home library Current library Shelving location Date acquired Full call number Accession Number Price effective from Koha item type
        Anna Centenary Library Anna Centenary Library 5TH FLOOR, B WING 11.01.2026 618.24 WEI 426136 11.01.2026 English Books

Find us on the map